| 000 | 00528 a2200169 4500 | ||
|---|---|---|---|
| 020 | _a0023671718 | ||
| 040 |
_aDLC _bDLC |
||
| 082 | 0 | 0 | _a621.39/5 |
| 100 | 1 | _aLala, Parag K., | |
| 245 | 1 | 0 |
_aPractical digital logic design and testing _cParag K. Lala. |
| 260 |
_aEnglewood Cliffs, N.J. : _bPrentice Hall, _cc1996. |
||
| 300 |
_axii, 420 p. : _bill. ; _c25 cm. |
||
| 650 | 0 |
_aLogic circuits _xDesign _xData processing. |
|
| 650 | 0 |
_aLogic design _xData processing. |
|
| 650 | 0 | _aComputer-aided design. | |
| 942 |
_cBK _k621.395 LAL _2ddc |
||
| 999 |
_c9698 _d9698 |
||